South Dakota Highschool Football Champions - Statistics

General Stats
  • This quiz has been taken 12 times
  • The average score is 26 of 45
Answer Stats
Hint Answer % Correct
2025 Brandon Valley
80%
2020 Brandon Valley
80%
2018 Brandon Valley
80%
1998 Brandon Valley
80%
1990 Brandon Valley
80%
1989 Brandon Valley
80%
2021 Harrisburg
80%
1987 Rapid City Stevens
60%
2022 Sioux Falls Jefferson
60%
2024 Sioux Falls Lincoln
60%
2023 Sioux Falls Lincoln
60%
2014 Sioux Falls Lincoln
60%
2013 Sioux Falls Lincoln
60%
2008 Sioux Falls Lincoln
60%
2019 Sioux Falls O'Gorman
60%
2005 Sioux Falls O'Gorman
60%
2004 Sioux Falls O'Gorman
60%
1993 Sioux Falls O'Gorman
60%
1991 Sioux Falls O'Gorman
60%
1988 Sioux Falls O'Gorman
60%
1986 Sioux Falls O'Gorman
60%
1985 Sioux Falls O'Gorman
60%
1981 Sioux Falls O'Gorman
60%
2017 Sioux Falls Washington
60%
2016 Sioux Falls Washington
60%
2015 Sioux Falls Washington
60%
2012 Sioux Falls Washington
60%
2010 Sioux Falls Washington
60%
2009 Sioux Falls Washington
60%
2002 Yankton
60%
1999 Yankton
60%
1995 Yankton
60%
1994 Yankton
60%
1984 Yankton
60%
1982 Yankton
60%
2000 Brookings
40%
1983 Brookings
40%
1992 Huron
40%
2011 Sioux Falls Roosevelt
40%
2007 Sioux Falls Roosevelt
40%
2006 Sioux Falls Roosevelt
40%
2003 Spearfish
40%
1997 Spearfish
40%
2001 Watertown
40%
1996 Watertown
40%
No matching quizzes found
Score Distribution
Percent of People with Each Score
Percentile by Number Answered
Your Score History
You have not taken this quiz